[Event "16th Capablanca Memorial group A"]
[Site "Cienfuegos CUB"]
[Date "1980.05.28"]
[Round "7"]
[White "Garcia, Gildardo"]
[Black "Huertas Soris, Ramon"]
[Result "1-0"]
[WhiteElo "2440"]
[BlackElo "2295"]
[EventDate "1980.05.20"]
[PlyCount "77"]

1.e4 e6 2.d4 d5 3.Nd2 c5 4.exd5 exd5 5.Ngf3 a6 6.Be2 c4 7.O-O Bd6 8.Re1 
Ne7 9.b3 b5 10.a4 Bb7 11.bxc4 bxc4 12.Bf1 O-O 13.g3 a5 14.Bg2 Ra7 15.c3 
Bc8 16.Nb1 Na6 17.Na3 Nc7 18.Ne5 f6 19.Ng4 Bd7 20.Ne3 Be6 21.Rb1 Qd7 22.
Nb5 Rb7 23.Qe2 Re8 24.Ba3 Nxb5 25.Bxd6 Qxd6 26.Rxb5 Rxb5 27.axb5 h6 28.Rb1
Qb6 29.Qb2 Kh7 30.Qa3 Bf7 31.h4 Kh8 32.Rb2 Kh7 33.Bf3 Kh8 34.h5 Be6 35.Ng2
Kg8 36.Nf4 Bf7 37.Re2 Qb7 38.Qxa5 Nc8 39.Ne6 1-0

[Event "16th Capablanca Memorial group A"]
[Site "Cienfuegos CUB"]
[Date "1980.05.28"]
[Round "7"]
[White "Garcia Gonzales, Guillermo"]
[Black "Garcia Martinez, Silvino"]
[Result "1-0"]
[WhiteElo "2505"]
[BlackElo "2450"]
[EventDate "1980.05.20"]
[PlyCount "81"]

1.e4 c5 2.Nf3 Nc6 3.d4 cxd4 4.Nxd4 g6 5.c4 Nf6 6.Nc3 Nxd4 7.Qxd4 d6 8.Be2 
Bg7 9.Bg5 O-O 10.Qd2 a6 11.O-O Bd7 12.Rfe1 Bc6 13.Bf1 Rb8 14.Rac1 Re8 15.
b4 b5 16.cxb5 Bxb5 17.Nxb5 axb5 18.Rc6 Rb7 19.Qc2 Qa8 20.Bc1 Ng4 21.h3 Ne5
22.Rc7 Nc4 23.Rxb7 Qxb7 24.a4 Rc8 25.axb5 Na3 26.Qd3 Nc2 27.Rd1 Nxb4 28.
Qb1 Na6 29.Be3 Nc5 30.Rc1 Ra8 31.f3 Ra3 32.Bf2 Bh6 33.Rc2 Be3 34.Bxe3 Rxe3
35.Qa1 Rb3 36.Ra2 e5 37.Kh2 Rxb5 38.Bxb5 Qxb5 39.Ra8+ Kg7 40.Qa7 Qb3 41.
Qe7 1-0

[Event "16th Capablanca Memorial group A"]
[Site "Cienfuegos CUB"]
[Date "1980.05.28"]
[Round "7"]
[White "Navarro Segura, Roberto"]
[Black "Fernandez Gonzalez, Juan Carlos"]
[Result "0-1"]
[WhiteElo "2295"]
[BlackElo "2390"]
[EventDate "1980.05.20"]
[PlyCount "62"]

1.d4 Nf6 2.Nc3 d5 3.Bg5 Bf5 4.Qd2 c6 5.f3 Nbd7 6.O-O-O h6 7.Bxf6 Nxf6 8.
Qf4 e6 9.e4 Bh7 10.Bd3 Be7 11.Kb1 dxe4 12.Bxe4 Nxe4 13.Nxe4 O-O 14.Ne2 a5 
15.g4 a4 16.Rhg1 Ra5 17.Ka1 Kh8 18.Rg2 a3 19.b3 e5 20.Qc1 exd4 21.Nxd4 
Bxe4 22.fxe4 Bg5 23.Qb1 c5 24.Ne2 Qf6+ 25.c3 Qf3 26.Rdg1 Rd8 27.Qf1 Qxe4 
28.Ng3 Qe3 29.Qc4 b5 30.Qxf7 Qxc3+ 31.Kb1 Bf6 0-1

[Event "16th Capablanca Memorial group A"]
[Site "Cienfuegos CUB"]
[Date "1980.05.28"]
[Round "7"]
[White "Pfleger, Helmut"]
[Black "Ochoa de Echaguen Estibalez, Francisco Javier"]
[Result "1/2-1/2"]
[WhiteElo "2525"]
[BlackElo "2410"]
[EventDate "1980.05.20"]
[PlyCount "47"]

1.d4 g6 2.e4 Bg7 3.Nf3 c6 4.c4 d5 5.exd5 cxd5 6.Nc3 Nf6 7.cxd5 O-O 8.Bc4 
Nbd7 9.O-O Nb6 10.Bb3 Nbxd5 11.Ne5 Be6 12.Qf3 Rb8 13.Bg5 Nc7 14.Rfd1 Bxb3 
15.axb3 Nfd5 16.Ng4 f6 17.Bf4 Nxf4 18.Qxf4 a6 19.Ne3 Qd6 20.Qxd6 exd6 21.
Nc4 f5 22.Nb6 Rbe8 23.d5 Re7 24.Rac1 1/2-1/2

[Event "16th Capablanca Memorial group A"]
[Site "Cienfuegos CUB"]
[Date "1980.05.28"]
[Round "7"]
[White "Rivas Pastor, Manuel"]
[Black "Razuvaev, Yury"]
[Result "1/2-1/2"]
[WhiteElo "2375"]
[BlackElo "2515"]
[EventDate "1980.05.20"]
[PlyCount "30"]

1.d4 Nf6 2.Nf3 g6 3.Bf4 Bg7 4.e3 O-O 5.Be2 d6 6.h3 Nbd7 7.O-O b6 8.c4 Bb7 
9.Nc3 Ne4 10.Nxe4 Bxe4 11.Bh2 Bb7 12.Qc2 e5 13.Rad1 Qe7 14.b4 e4 15.Nd2 c5
1/2-1/2

[Event "16th Capablanca Memorial group A"]
[Site "Cienfuegos CUB"]
[Date "1980.05.29"]
[Round "8"]
[White "Garcia, Gildardo"]
[Black "Bueno Perez, Lazaro Antonio"]
[Result "1/2-1/2"]
[WhiteElo "2440"]
[BlackElo "2340"]
[EventDate "1980.05.20"]
[PlyCount "86"]

1.e4 e5 2.Nf3 Nf6 3.Nxe5 d6 4.Nf3 Nxe4 5.d4 d5 6.Bd3 Be7 7.O-O O-O 8.Re1 
f5 9.c4 Be6 10.Qb3 Nc6 11.cxd5 Qxd5 12.Qxd5 Bxd5 13.Nc3 Nxc3 14.bxc3 Bxf3 
15.gxf3 Bd6 16.Rb1 Rab8 17.Rb5 f4 18.Be4 a6 19.Rb1 g6 20.Bb2 Ne7 21.c4 b6 
22.Bc3 c6 23.Bd3 Kf7 24.a4 Rfe8 25.Re2 Bc7 26.Be4 b5 27.axb5 axb5 28.cxb5 
Rxb5 29.Rxb5 cxb5 30.Bb4 Rd8 31.Bc5 Bd6 32.Rb2 Bxc5 33.dxc5 Rb8 34.Kf1 Ke6
35.Ke2 Nd5 36.Kd3 Nf6 37.Kc3 Nxe4+ 38.fxe4 Ke5 39.f3 g5 40.Rd2 b4+ 41.Kb3 
h5 42.Rd5+ Kf6 43.h4 g4 {not complete} 1/2-1/2

[Event "16th Capablanca Memorial group A"]
[Site "Cienfuegos CUB"]
[Date "1980.05.29"]
[Round "8"]
[White "Garcia Martinez, Silvino"]
[Black "Navarro Segura, Roberto"]
[Result "1-0"]
[WhiteElo "2450"]
[BlackElo "2295"]
[EventDate "1980.05.20"]
[PlyCount "63"]

1.e4 e5 2.Nf3 Nc6 3.Bb5 a6 4.Ba4 Nf6 5.O-O b5 6.Bb3 Be7 7.Re1 d6 8.c3 O-O 
9.d4 Bg4 10.Be3 Re8 11.Nbd2 d5 12.h3 exd4 13.cxd4 Bxf3 14.Qxf3 dxe4 15.
Nxe4 Na5 16.Bc2 Nc4 17.Bg5 Nd7 18.Nd6 Nxd6 19.Bxe7 Qc8 20.Rac1 Qb7 21.Qxb7
Nxb7 22.Bxh7+ Kxh7 23.Rxc7 Nf6 24.Rxb7 Nd5 25.Kf1 Nxe7 26.Rexe7 Rxe7 27.
Rxe7 Rd8 28.Rxf7 Rxd4 29.Ke2 Ra4 30.a3 a5 31.Rb7 b4 32.axb4 1-0

[Event "16th Capablanca Memorial group A"]
[Site "Cienfuegos CUB"]
[Date "1980.05.29"]
[Round "8"]
[White "Huertas Soris, Ramon"]
[Black "Vera Gonzalez, Reynaldo"]
[Result "0-1"]
[WhiteElo "2295"]
[BlackElo "2400"]
[EventDate "1980.05.20"]
[PlyCount "50"]

1.c4 b6 2.d4 e6 3.a3 d5 4.Nc3 Bb7 5.Nf3 Be7 6.cxd5 exd5 7.g3 Nf6 8.Bg2 O-O
9.O-O Re8 10.Bf4 c5 11.Rc1 Na6 12.Qc2 Nc7 13.Rfd1 Rc8 14.Bh3 Ne6 15.Be3 a6
16.Ng5 Bf8 17.Bg2 Nxd4 18.Bxd4 cxd4 19.Rxd4 Bc5 20.Rf4 h6 21.Nh3 Ne4 22.
Qd3 Qe7 23.e3 Bxa3 24.Rb1 Bxb2 25.Nxd5 Bxd5 0-1

[Event "16th Capablanca Memorial group A"]
[Site "Cienfuegos CUB"]
[Date "1980.05.29"]
[Round "8"]
[White "Lebredo Zarragoitia, Gerardo"]
[Black "Rivas Pastor, Manuel"]
[Result "0-1"]
[WhiteElo "2355"]
[BlackElo "2375"]
[EventDate "1980.05.20"]
[PlyCount "81"]

1.Nf3 d5 2.e3 c5 3.b3 Nc6 4.Bb2 e6 5.Bb5 Ne7 6.c4 a6 7.Bxc6+ Nxc6 8.O-O d4
9.exd4 cxd4 10.d3 Bd6 11.Ba3 Bxa3 12.Nxa3 O-O 13.Qd2 Qd6 14.Nc2 e5 15.b4 
b5 16.c5 Qd5 17.a4 bxa4 18.Rxa4 Bb7 19.Na3 Rad8 20.Nc4 e4 21.Nb6 Qf5 22.
dxe4 Qxe4 23.Re1 Qg6 24.Nc4 d3 25.Ne3 f5 26.Nh4 Qh5 27.Nf3 f4 28.Nc4 Nd4 
29.Nxd4 Rxd4 30.Ne5 Re8 31.c6 Bc8 32.Ra5 Qf5 33.Nf3 Rxe1+ 34.Qxe1 Qe4 35.
Re5 Qxe1+ 36.Rxe1 Rxb4 37.h3 Kf8 38.Rd1 Bf5 39.Ne5 Rb3 40.g4 fxg3 41.fxg3 
{not complete} 0-1

[Event "16th Capablanca Memorial group A"]
[Site "Cienfuegos CUB"]
[Date "1980.06.01"]
[Round "9"]
[White "Bueno Perez, Lazaro Antonio"]
[Black "Huertas Soris, Ramon"]
[Result "0-1"]
[WhiteElo "2340"]
[BlackElo "2295"]
[EventDate "1980.05.20"]
[PlyCount "100"]

1.e4 e6 2.d4 d5 3.Nc3 Bb4 4.e5 Ne7 5.a3 Bxc3+ 6.bxc3 c5 7.Nf3 Bd7 8.Bd3 
Qa5 9.O-O cxd4 10.cxd4 Nbc6 11.Be2 f6 12.exf6 gxf6 13.Nh4 O-O-O 14.f4 Ng6 
15.Nf3 Nce7 16.g4 h6 17.Qe1 Qc7 18.Nh4 Rdg8 19.Nxg6 Rxg6 20.Kh1 f5 21.gxf5
Nxf5 22.Bh5 Rf6 23.Qe5 Rhf8 24.Rg1 Nd6 25.Bg6 Bc6 26.f5 exf5 27.Bxh6 Ne4 
28.Qxc7+ Kxc7 29.Bxf8 Rxf8 30.Bh5 Nc3 31.Rg7+ Kb6 32.Rg3 Ne4 33.Rf3 Ba4 
34.Rc1 Nd2 35.Rf4 Ka5 36.h4 Ne4 37.Bg6 Ng3+ 38.Kg2 Ne2 39.Rxf5 Rg8 40.
Rxd5+ b5 41.Rf1 Rxg6+ 42.Kf3 Nc3 43.Rg5 Rf6+ 44.Kg2 Rxf1 45.Kxf1 Bxc2 46.
h5 Ne4 47.Rg7 Nf6 48.h6 Bd3+ 49.Ke1 Kb6 50.Rf7 Nh7 0-1

[Event "16th Capablanca Memorial group A"]
[Site "Cienfuegos CUB"]
[Date "1980.06.01"]
[Round "9"]
[White "Garcia Gonzales, Guillermo"]
[Black "Razuvaev, Yury"]
[Result "1/2-1/2"]
[WhiteElo "2505"]
[BlackElo "2515"]
[EventDate "1980.05.20"]
[PlyCount "36"]

1.c4 c5 2.Nc3 Nf6 3.g3 d5 4.cxd5 Nxd5 5.Nf3 Nc6 6.Bg2 g6 7.h4 h6 8.d3 Bg7 
9.Bd2 Nc7 10.a3 Ne6 11.Rc1 Bd7 12.Na4 b6 13.b4 cxb4 14.axb4 Rc8 15.O-O 
Ncd4 16.e3 Rxc1 17.Bxc1 Nxf3+ 18.Bxf3 Bb5 1/2-1/2

[Event "16th Capablanca Memorial group A"]
[Site "Cienfuegos CUB"]
[Date "1980.06.01"]
[Round "9"]
[White "Navarro Segura, Roberto"]
[Black "Ochoa de Echaguen Estibalez, Francisco Javier"]
[Result "0-1"]
[WhiteElo "2295"]
[BlackElo "2410"]
[EventDate "1980.05.20"]
[PlyCount "128"]

1.d4 Nf6 2.c4 c5 3.d5 b5 4.Nc3 b4 5.Nb1 e5 6.Bg5 d6 7.Nd2 Be7 8.e4 Nxd5 9.
Bxe7 Nxe7 10.Bd3 O-O 11.Ne2 Nbc6 12.O-O Ng6 13.f4 Bg4 14.f5 Nf4 15.Nf3 
Bxf3 16.Rxf3 Nxe2+ 17.Bxe2 Nd4 18.Rf2 Qg5 19.Qd3 f6 20.g4 g6 21.Qg3 gxf5 
22.gxf5 Qxg3+ 23.hxg3 Rab8 24.Rh2 Rb6 25.Kf2 Ra6 26.Bd1 Rc8 27.Be2 Rc7 28.
Bd1 Ra5 29.Rh6 Kg7 30.Rh5 Ra6 31.Ke3 Kg8 32.g4 Rg7 33.Rh6 Rf7 34.Rh2 Rb7 
35.Kd3 Kg7 36.Be2 Rf7 37.Bd1 Rf8 38.Rh3 Ra5 39.Bc2 Rh8 40.Bd1 Ra6 41.Rh1 
h6 42.Be2 Rb6 43.Bd1 Rhb8 44.Rh2 b3 45.a3 a5 46.Be2 a4 47.Rah1 Rh8 48.Bd1 
Rbb8 49.Kc3 Nc6 50.Rd2 Rbd8 51.Bf3 Rd7 52.Rdh2 Nd8 53.Kd3 Nf7 54.Ke3 Rdd8 
55.Rd1 Rdg8 56.Rdh1 Kf8 57.Be2 Rg5 58.Bf3 Rhg8 59.Rh4 Kg7 60.Be2 Rh8 61.
Rh5 Kf8 62.Bf3 Rxh5 63.Rxh5 Rg8 64.Rh1 Rg5 {Not complete} 0-1

[Event "16th Capablanca Memorial group A"]
[Site "Cienfuegos CUB"]
[Date "1980.06.01"]
[Round "9"]
[White "Pfleger, Helmut"]
[Black "Lebredo Zarragoitia, Gerardo"]
[Result "1-0"]
[WhiteElo "2525"]
[BlackElo "2355"]
[EventDate "1980.05.20"]
[PlyCount "85"]

1.d4 e6 2.c4 f5 3.Nc3 Nf6 4.Nf3 d5 5.cxd5 exd5 6.Bg5 c6 7.Qc2 Be7 8.e3 O-O
9.Bd3 Ne4 10.Bxe7 Qxe7 11.O-O Nd7 12.Rae1 b6 13.Nd2 Bb7 14.f3 Nxd2 15.Qxd2
Qg5 16.b4 Rae8 17.Re2 Nf6 18.a4 Re7 19.Rfe1 Rfe8 20.Bc2 a6 21.a5 b5 22.Nd1
Bc8 23.Nf2 Qh6 24.Nd3 Nd7 25.f4 Re6 26.Rf1 Qh4 27.Qe1 Qxe1 28.Rfxe1 Rf8 
29.Rf1 Re7 30.h3 g6 31.Kf2 Kg7 32.Bb1 Bb7 33.Rc1 Rfe8 34.Kf3 Rf8 35.g4 
fxg4+ 36.hxg4 Rfe8 37.Rh1 Kg8 38.g5 Rf8 39.Nf2 Bc8 40.Ng4 Rfe8 41.Reh2 Rf8
42.Nh6+ Kg7 43.Nf5+ 1-0

[Event "16th Capablanca Memorial group A"]
[Site "Cienfuegos CUB"]
[Date "1980.06.01"]
[Round "9"]
[White "Rivas Pastor, Manuel"]
[Black "Garcia, Gildardo"]
[Result "1/2-1/2"]
[WhiteElo "2375"]
[BlackElo "2440"]
[EventDate "1980.05.20"]
[PlyCount "118"]

1.d4 Nf6 2.Nf3 c5 3.d5 g6 4.Nc3 Bg7 5.e4 d6 6.Be2 O-O 7.O-O Na6 8.h3 Nc7 
9.a4 Rb8 10.Re1 b6 11.Bf4 Nd7 12.Qd2 Re8 13.Bf1 a6 14.e5 Nxe5 15.Nxe5 dxe5
16.Bxe5 Bxe5 17.Rxe5 b5 18.axb5 Nxb5 19.Nxb5 axb5 20.d6 c4 21.Rxe7 Rxe7 
22.dxe7 Qxe7 23.Qf4 Qb7 24.h4 h5 25.b3 cxb3 26.cxb3 Be6 27.Ra5 b4 28.Rb5 
Qxb5 29.Bxb5 Rxb5 30.Qe3 Kh7 31.Kh2 Rb8 32.f3 Rc8 33.Qd4 Bxb3 34.Qxb4 Be6 
35.Qe7 Rc4 36.Qf6 Rc5 37.Kg3 Rf5 38.Qb2 Bd5 39.Kf2 Rf4 40.Qe5 Rf5 41.Qd4 
Be6 42.Ke3 Rd5 43.Qb4 Re5+ 44.Kf4 Rf5+ 45.Ke4 Kg8 46.Qb6 Bd5+ 47.Ke3 Kh7 
48.Qb8 Be6 49.Qf8 Re5+ 50.Kf4 Rf5+ 51.Ke4 Bd5+ 52.Ke3 Be6 53.Qd8 Re5+ 54.
Kd4 Re2 55.Qf8 Rxg2 56.Ke5 Rf2 57.f4 Ba2 58.Ke4 Re2+ 59.Kf3 Re1 1/2-1/2

[Event "16th Capablanca Memorial group A"]
[Site "Cienfuegos CUB"]
[Date "1980.06.02"]
[Round "10"]
[White "Garcia, Gildardo"]
[Black "Pfleger, Helmut"]
[Result "1/2-1/2"]
[WhiteElo "2440"]
[BlackElo "2525"]
[EventDate "1980.05.20"]
[PlyCount "78"]

1.e4 d6 2.d4 Nf6 3.Nc3 g6 4.Nf3 Bg7 5.h3 O-O 6.Be3 Nbd7 7.Qd2 e5 8.dxe5 
dxe5 9.Bc4 Qe7 10.O-O c6 11.a4 Nc5 12.Bg5 Qc7 13.Rfe1 Be6 14.Qe3 Nfd7 15.
Bf1 f6 16.Bh6 a5 17.Bxg7 Kxg7 18.h4 h5 19.Nd2 Bf7 20.Nc4 Ne6 21.Qg3 Ndc5 
22.Rad1 Rad8 23.Ne3 Rxd1 24.Rxd1 Rd8 25.Rxd8 Qxd8 26.Nc4 b6 27.f3 Nd4 28.
Ne3 Nce6 29.Qf2 Qd6 30.Ncd1 Nc5 31.Nc3 Be6 32.b3 Bf7 33.Bc4 Nce6 34.Kh2 
Qa3 35.Qd2 Qe7 36.Qc1 Kf8 37.Ncd1 f5 38.c3 f4 39.Nf1 b5 1/2-1/2

[Event "16th Capablanca Memorial group A"]
[Site "Cienfuegos CUB"]
[Date "1980.06.02"]
[Round "10"]
[White "Garcia Martinez, Silvino"]
[Black "Vera Gonzalez, Reynaldo"]
[Result "0-1"]
[WhiteElo "2450"]
[BlackElo "2400"]
[EventDate "1980.05.20"]
[PlyCount "46"]

1.e4 c5 2.Nf3 d6 3.d4 cxd4 4.Nxd4 Nf6 5.Nc3 Nc6 6.Be2 e5 7.Nb3 Be7 8.O-O 
Bf5 9.Bg5 O-O 10.Kh1 Nxe4 11.Nxe4 Bxg5 12.Qxd6 Be7 13.Qxd8 Raxd8 14.Nec5 
Bc8 15.c3 b6 16.Na6 Bb7 17.Rad1 g6 18.Na1 e4 19.Nc2 Ne5 20.Nd4 Nd3 21.Bxd3
exd3 22.Nc7 a6 23.Rxd3 Rd7 0-1

[Event "16th Capablanca Memorial group A"]
[Site "Cienfuegos CUB"]
[Date "1980.06.02"]
[Round "10"]
[White "Huertas Soris, Ramon"]
[Black "Fernandez Gonzalez, Juan Carlos"]
[Result "1-0"]
[WhiteElo "2295"]
[BlackElo "2390"]
[EventDate "1980.05.20"]
[PlyCount "123"]

1.d4 b5 2.c3 e6 3.Qb3 a6 4.a4 bxa4 5.Rxa4 Nf6 6.Bg5 h6 7.Bh4 Be7 8.e3 O-O 
9.Bd3 d6 10.Nf3 Nbd7 11.Qa2 c5 12.Nbd2 a5 13.O-O Bb7 14.Ra1 cxd4 15.cxd4 
Bd5 16.b3 Bxf3 17.Nxf3 e5 18.Bf1 e4 19.Ne1 d5 20.Rxa5 Rxa5 21.Qxa5 Qxa5 
22.Rxa5 Bb4 23.Ra1 Rc8 24.Rb1 g5 25.Bg3 Nh5 26.Be2 Nxg3 27.hxg3 Rc3 28.Kf1
Nb8 29.Bd1 f5 30.Nc2 Bd6 31.Ke1 Na6 32.b4 Rc4 33.b5 Nb4 34.Nxb4 Rxb4 35.
Rxb4 Bxb4+ 36.Ke2 Kf7 37.b6 Ke6 38.Ba4 Ba5 39.b7 Bc7 40.Be8 Ke7 41.Bg6 Kf6
42.Bh7 Ke6 43.Kd2 h5 44.Kc3 Kd6 45.Bxf5 Ba5+ 46.Kc2 Kc7 47.Be6 Be1 48.g4 
hxg4 49.Bxd5 Bxf2 50.Kd2 Bg3 51.Bxe4 Bd6 52.Kd3 Bb4 53.Bd5 Ba5 54.e4 Bb6 
55.e5 Ba7 56.Ke4 g3 57.Bb3 Kxb7 58.d5 Kc7 59.Ba4 Bc5 60.d6+ Bxd6 61.exd6+ 
Kxd6 62.Kf5 1-0

[Event "16th Capablanca Memorial group A"]
[Site "Cienfuegos CUB"]
[Date "1980.06.02"]
[Round "10"]
[White "Lebredo Zarragoitia, Gerardo"]
[Black "Garcia Gonzales, Guillermo"]
[Result "0-1"]
[WhiteElo "2355"]
[BlackElo "2505"]
[EventDate "1980.05.20"]
[PlyCount "86"]

1.Nf3 Nf6 2.d4 c5 3.d5 d6 4.Nc3 e5 5.e4 Be7 6.Be2 Na6 7.Nd2 Nc7 8.a4 b6 9.
Nc4 Ba6 10.Ne3 Bxe2 11.Qxe2 g6 12.Nc4 O-O 13.O-O Nh5 14.g4 Ng7 15.f4 f6 
16.f5 g5 17.Ra3 Kf7 18.Nb5 h6 19.Bd2 Nge8 20.Rfa1 Qd7 21.Qf1 Rh8 22.Nxc7 
Qxc7 23.Rb3 Rb8 24.Ne3 h5 25.a5 hxg4 26.axb6 axb6 27.Qb5 Rh4 28.Be1 g3 29.
Bxg3 Rxe4 30.Ra4 Rxa4 31.Qxa4 Ng7 32.Qb5 Qc8 33.Qf1 b5 34.Rxb5 Rxb5 35.
Qxb5 Nxf5 36.Nxf5 Qxf5 37.Qc4 Qf3 38.c3 Qd1+ 39.Kg2 Qd2+ 40.Kf3 Qxb2 41.
Qd3 Kg7 42.h4 gxh4 43.Bxh4 Qa2 0-1

[Event "16th Capablanca Memorial group A"]
[Site "Cienfuegos CUB"]
[Date "1980.06.02"]
[Round "10"]
[White "Razuvaev, Yury"]
[Black "Navarro Segura, Roberto"]
[Result "1-0"]
[WhiteElo "2515"]
[BlackElo "2295"]
[EventDate "1980.05.20"]
[PlyCount "47"]

1.d4 Nf6 2.c4 e6 3.Nf3 d5 4.g3 Be7 5.Bg2 O-O 6.O-O dxc4 7.Ne5 c5 8.dxc5 
Bxc5 9.Nc3 Qc7 10.Nxc4 Rd8 11.Bf4 Qe7 12.Qc2 Nc6 13.Rad1 Bd7 14.Bc7 Rf8 
15.Bd6 Bxd6 16.Nxd6 Rab8 17.Rd2 Nb4 18.Qb3 Nbd5 19.Nxd5 Nxd5 20.Nc4 Rfd8 
21.Rfd1 b6 22.e4 Nc7 23.Qa3 Kf8 24.Rxd7 1-0

[Event "16th Capablanca Memorial group A"]
[Site "Cienfuegos CUB"]
[Date "1980.06.03"]
[Round "11"]
[White "Fernandez Gonzalez, Juan Carlos"]
[Black "Garcia Martinez, Silvino"]
[Result "1/2-1/2"]
[WhiteElo "2390"]
[BlackElo "2450"]
[EventDate "1980.05.20"]
[PlyCount "40"]

1.c4 g6 2.d4 Nf6 3.Nc3 d5 4.Nf3 Bg7 5.cxd5 Nxd5 6.e4 Nxc3 7.bxc3 c5 8.Be3 
Bg4 9.Rc1 cxd4 10.cxd4 Bxf3 11.gxf3 O-O 12.d5 Qd6 13.h4 Nd7 14.h5 Rfc8 15.
hxg6 hxg6 16.Be2 Qa3 17.Rxc8+ Rxc8 18.Qb3 Qxb3 19.axb3 Nc5 20.O-O Nxb3 
1/2-1/2

[Event "16th Capablanca Memorial group A"]
[Site "Cienfuegos CUB"]
[Date "1980.06.03"]
[Round "11"]
[White "Garcia Gonzales, Guillermo"]
[Black "Garcia, Gildardo"]
[Result "0-1"]
[WhiteElo "2505"]
[BlackElo "2440"]
[EventDate "1980.05.20"]
[PlyCount "56"]

1.c4 Nf6 2.Nc3 e6 3.e4 d5 4.e5 d4 5.exf6 dxc3 6.bxc3 Qxf6 7.d4 e5 8.Qe2 
Be7 9.dxe5 Qg6 10.h4 Nc6 11.h5 Qf5 12.Nf3 f6 13.h6 g6 14.exf6 Qxf6 15.Nd4 
Nxd4 16.cxd4 O-O 17.c5 Be6 18.Rb1 Rae8 19.Be3 b6 20.Qc2 Bf5 21.Qc4+ Kh8 
22.Rc1 Be4 23.Rh2 c6 24.Be2 Bd8 25.cxb6 axb6 26.Kf1 Bc7 27.Rh3 Bd5 28.Qc3 
Rxe3 0-1

[Event "16th Capablanca Memorial group A"]
[Site "Cienfuegos CUB"]
[Date "1980.06.03"]
[Round "11"]
[White "Navarro Segura, Roberto"]
[Black "Lebredo Zarragoitia, Gerardo"]
[Result "0-1"]
[WhiteElo "2295"]
[BlackElo "2355"]
[EventDate "1980.05.20"]
[PlyCount "58"]

1.d4 e6 2.e4 d5 3.Nc3 Bb4 4.Bd3 dxe4 5.Bxe4 Nf6 6.Bg5 Nbd7 7.Bf3 c6 8.Ne2 
Qc7 9.O-O Bd6 10.g3 h6 11.Bf4 e5 12.Be3 Nb6 13.dxe5 Bxe5 14.Bc5 Bh3 15.Re1
Nbd7 16.Be3 O-O 17.Qc1 Rfe8 18.Bf4 Ng4 19.Bg2 Bxg2 20.Kxg2 Qb6 21.Rf1 c5 
22.h3 Qc6+ 23.Kg1 Ngf6 24.Kh2 b5 25.Bxe5 Nxe5 26.Ng1 b4 27.f4 Neg4+ 28.
hxg4 Nxg4+ 29.Kh3 Qh1+ 0-1

[Event "16th Capablanca Memorial group A"]
[Site "Cienfuegos CUB"]
[Date "1980.06.03"]
[Round "11"]
[White "Pfleger, Helmut"]
[Black "Bueno Perez, Lazaro Antonio"]
[Result "1/2-1/2"]
[WhiteElo "2525"]
[BlackElo "2340"]
[EventDate "1980.05.20"]
[PlyCount "59"]

1.d4 Nf6 2.c4 e6 3.Nf3 Bb4+ 4.Bd2 Bxd2+ 5.Qxd2 O-O 6.Nc3 d6 7.e4 Nc6 8.Be2
e5 9.d5 Ne7 10.g3 Ne8 11.Nh4 f5 12.exf5 Nxf5 13.Nxf5 Bxf5 14.O-O Nf6 15.f3
Qd7 16.Rae1 Qf7 17.Bd3 Qg6 18.Bxf5 Qxf5 19.f4 exf4 20.Rxf4 Qd7 21.Qd4 a6 
22.b4 Rae8 23.Ref1 Qe7 24.Kg2 Qe3 25.Qxe3 Rxe3 26.R1f3 Rfe8 27.Rxe3 Rxe3 
28.Rf3 Ng4 29.c5 Re8 30.Rf4 1/2-1/2

[Event "16th Capablanca Memorial group A"]
[Site "Cienfuegos CUB"]
[Date "1980.06.03"]
[Round "11"]
[White "Rivas Pastor, Manuel"]
[Black "Huertas Soris, Ramon"]
[Result "1-0"]
[WhiteElo "2375"]
[BlackElo "2295"]
[EventDate "1980.05.20"]
[PlyCount "121"]

1.d4 d5 2.c4 e6 3.Nc3 c6 4.Nf3 Nf6 5.e3 Nbd7 6.Bd3 dxc4 7.Bxc4 b5 8.Bd3 a6
9.a4 b4 10.Ne4 c5 11.O-O Bb7 12.Nxf6+ Nxf6 13.Qe2 Qb8 14.e4 cxd4 15.Nxd4 
Bd6 16.h3 O-O 17.Nb3 a5 18.Rd1 Rc8 19.Bg5 Nd7 20.Bb5 Nc5 21.Nxc5 Bxc5 22.
Rd7 Qe5 23.Rxb7 Qxg5 24.Qf3 Rf8 25.Rd1 Rad8 26.Rxd8 Qxd8 27.Rd7 Qb8 28.b3 
Qe5 29.Bc4 g6 30.Qe2 Qg5 31.Kf1 h5 32.g3 h4 33.Qg4 Qf6 34.Qf4 Qa1+ 35.Kg2 
hxg3 36.Qxg3 Qf6 37.Rd3 Kg7 38.Rf3 Qd4 39.Qg4 Rh8 40.Qf4 Rf8 41.Rd3 Qf6 
42.Qxf6+ Kxf6 43.Rd7 g5 44.Rb7 Ra8 45.Rb5 Bd4 46.Kg3 Be5+ 47.Kg4 Bc7 48.
Rxg5 Bb6 49.f4 Bd4 50.Rb5 Ra7 51.e5+ Kg7 52.Kg5 Ra8 53.h4 Be3 54.h5 Rd8 
55.h6+ Kh7 56.Rb7 Rg8+ 57.Kh5 Rf8 58.f5 Kh8 59.fxe6 fxe6 60.Bxe6 Bd4 61.
Kg6 1-0

[Event "16th Capablanca Memorial group A"]
[Site "Cienfuegos CUB"]
[Date "1980.06.03"]
[Round "11"]
[White "Vera Gonzalez, Reynaldo"]
[Black "Ochoa de Echaguen Estibalez, Francisco Javier"]
[Result "1/2-1/2"]
[WhiteElo "2400"]
[BlackElo "2410"]
[EventDate "1980.05.20"]
[PlyCount "113"]

1.d4 g6 2.c4 Bg7 3.Nc3 c5 4.d5 f5 5.g3 d6 6.Bg2 Nf6 7.Nh3 O-O 8.Nf4 Na6 9.
h4 Nc7 10.O-O a6 11.a4 b6 12.e4 Rb8 13.Qe2 b5 14.axb5 axb5 15.exf5 Bxf5 
16.cxb5 Bg4 17.Qc4 Qe8 18.Ra7 Nxb5 19.Nxb5 Rxb5 20.Rxe7 Qxe7 21.Qxb5 Bd7 
22.Qb7 Re8 23.Bd2 Ng4 24.Bc3 Bxc3 25.bxc3 Bf5 26.Qb3 Qa7 27.c4 Rb8 28.Qc3 
Qg7 29.Qa5 Ne5 30.Rc1 Qb7 31.Qc3 Qb2 32.Qxb2 Rxb2 33.f3 Rb1 34.Rxb1 Bxb1 
35.Bf1 Nxf3+ 36.Kf2 Ne5 37.Ng2 Bf5 38.Ne3 Bc8 39.Be2 Kf7 40.g4 g5 41.Kg3 
Kf6 42.h5 h6 43.Kf2 Bd7 44.Kg3 Kg7 45.Bd1 Kf7 46.Bc2 Kf6 47.Bf5 Bxf5 48.
Nxf5 Nxc4 49.Nxh6 Ne3 50.Ng8+ Kf7 51.Nh6+ Kf6 52.Ng8+ Kf7 53.Nh6+ Ke8 54.
Kf3 Nxd5 55.Ke4 Ne7 56.Nf5 d5+ 57.Ke5 1/2-1/2

[Event "16th Capablanca Memorial group A"]
[Site "Cienfuegos CUB"]
[Date "1980.06.04"]
[Round "12"]
[White "Bueno Perez, Lazaro Antonio"]
[Black "Garcia Gonzales, Guillermo"]
[Result "0-1"]
[WhiteElo "2340"]
[BlackElo "2505"]
[EventDate "1980.05.20"]
[PlyCount "72"]

1.e4 c5 2.Nf3 d6 3.d4 cxd4 4.Nxd4 Nf6 5.Nc3 e6 6.Be2 Be7 7.Be3 Nc6 8.O-O 
Bd7 9.Qd2 Nxd4 10.Bxd4 Bc6 11.f3 a6 12.a4 Rc8 13.b4 e5 14.Be3 d5 15.exd5 
Bxd5 16.Rab1 Be6 17.Qxd8+ Bxd8 18.Bc5 b6 19.Bxa6 bxc5 20.Bxc8 Bxc8 21.b5 
Ba5 22.Nd1 Nd7 23.Nb2 Nb6 24.Nd3 Bc3 25.a5 Bxa5 26.Nxc5 Bc3 27.Ne4 Bd4+ 
28.Kh1 f5 29.c3 fxe4 30.cxd4 exd4 31.fxe4 Ke7 32.Rfd1 Rd8 33.Rd3 Ke6 34.e5
Rd5 35.Re1 Na4 36.b6 Nc5 0-1

[Event "16th Capablanca Memorial group A"]
[Site "Cienfuegos CUB"]
[Date "1980.06.04"]
[Round "12"]
[White "Garcia, Gildardo"]
[Black "Navarro Segura, Roberto"]
[Result "1-0"]
[WhiteElo "2440"]
[BlackElo "2295"]
[EventDate "1980.05.20"]
[PlyCount "97"]

1.e4 e5 2.Nf3 Nc6 3.Bb5 a6 4.Ba4 d6 5.c3 Bd7 6.O-O g6 7.d4 Bg7 8.Re1 Nge7 
9.dxe5 Nxe5 10.Nxe5 dxe5 11.Be3 Bxa4 12.Qxa4+ Qd7 13.Qb3 Qc6 14.Nd2 O-O 
15.Nc4 b6 16.a4 a5 17.Rad1 Bf6 18.f3 Rfd8 19.Bf2 Qe6 20.Qb5 Qc6 21.Bg3 Qe6
22.Nxe5 c6 23.Qc4 Rxd1 24.Rxd1 Qxc4 25.Nxc4 b5 26.axb5 cxb5 27.Nb6 Re8 28.
Nd7 Bg7 29.Rd6 b4 30.cxb4 axb4 31.Nf6+ Bxf6 32.Rxf6 Rc8 33.Rb6 Rc1+ 34.Kf2
Nc6 35.Ke3 f6 36.Kd2 Rc5 37.Bf2 Rc4 38.b3 Rc3 39.Rxb4 Rxf3 40.gxf3 Nxb4 
41.Kc3 Nc6 42.b4 Kf7 43.b5 Nd8 44.Kc4 Ke6 45.Kc5 f5 46.exf5+ gxf5 47.Bh4 
Nb7+ 48.Kc6 Na5+ 49.Kc7 1-0

[Event "16th Capablanca Memorial group A"]
[Site "Cienfuegos CUB"]
[Date "1980.06.04"]
[Round "12"]
[White "Huertas Soris, Ramon"]
[Black "Garcia Martinez, Silvino"]
[Result "0-1"]
[WhiteElo "2295"]
[BlackElo "2450"]
[EventDate "1980.05.20"]
[PlyCount "68"]

1.d4 Nf6 2.c4 g6 3.Nc3 d5 4.Nf3 Bg7 5.Qb3 dxc4 6.Qxc4 O-O 7.e4 a6 8.Qb3 b5
9.e5 Ng4 10.Bf4 c6 11.Be2 Be6 12.Qd1 f6 13.exf6 exf6 14.Qd2 g5 15.Bg3 Nh6 
16.a4 b4 17.Ne4 Bd5 18.Nc5 g4 19.Nh4 f5 20.Qf4 Nd7 21.Nxd7 Qxd7 22.O-O a5 
23.f3 Bb3 24.Bf2 Rad8 25.Bd1 Qd5 26.Rc1 Bxd1 27.Rfxd1 c5 28.Kh1 gxf3 29.
gxf3 Ng4 30.Bg3 Bh6 31.Nxf5 Bxf4 32.Ne7+ Kf7 33.Nxd5 Rxd5 34.Rxc5 Bxg3 0-1